Glastonbury Abbey : (Record no. 93836)
[ view plain ]
| 000 -LEADER | |
|---|---|
| fixed length control field | 01668nam a2200241Ii 4500 |
| 008 - FIXED-LENGTH DATA ELEMENTS--GENERAL INFORMATION | |
| fixed length control field | 221202s xx 000 0 und d |
| 100 1# - MAIN ENTRY--PERSONAL NAME | |
| Personal name | Gilchrist, Roberta, |
| Relator term | author |
| 245 #0 - TITLE STATEMENT | |
| Title | Glastonbury Abbey : |
| Remainder of title | Archaeological Investigations 1904 : 79 : : |
| 264 ## - PRODUCTION, PUBLICATION, DISTRIBUTION, MANUFACTURE, AND COPYRIGHT NOTICE | |
| Name of producer, publisher, distributor, manufacturer | Society of Antiquaries of London |
| Date of production, publication, distribution, manufacture, or copyright notice | 2015 |
| 300 ## - PHYSICAL DESCRIPTION | |
| Extent | 1 online resource (504 pages) |
| 336 ## - CONTENT TYPE | |
| Content type term | text |
| Content type code | txt |
| Source | rdacontent |
| 337 ## - MEDIA TYPE | |
| Media type term | computer |
| Media type code | c |
| Source | rdamedia |
| 338 ## - CARRIER TYPE | |
| Carrier type term | online resource |
| Carrier type code | cr |
| Source | rdacarrier |
| 520 ## - SUMMARY, ETC. | |
| Summary, etc. | This is a comprehensive study of the archaeological archives and artefact collections of Glastonbury Abbey, together with a new geophysical survey of the site. It analyses thirty-six seasons of archaeological excavation directed by such iconic figures as Sir William St John Hope, Sir Charles Peers, Sir Alfred Clapham and Dr Courtenay Arthur Ralegh Radford, and reveals new insights into the abbey's origins and historical development. Previous interpretations are challenged and new evidence is presented for the Saxon and later medieval phases of the abbey, including an important complex of early glass-working furnaces, dated c 700. The study reveals, for the first time, archaeological evidence for the Norman and later medieval monastic ranges and the luxurious abbot's hall and court. |
| 653 ## - INDEX TERM--UNCONTROLLED | |
| Uncontrolled term | Antiquarian Excavations |
| 653 ## - INDEX TERM--UNCONTROLLED | |
| Uncontrolled term | Archaeological Investigation |
| 653 ## - INDEX TERM--UNCONTROLLED | |
| Uncontrolled term | Buildings |
| 653 ## - INDEX TERM--UNCONTROLLED | |
| Uncontrolled term | Christianity |
| 653 ## - INDEX TERM--UNCONTROLLED | |
| Uncontrolled term | Ecclesiastical |
| 700 1# - ADDED ENTRY--PERSONAL NAME | |
| Personal name | Green, Cheryl |
| 856 ## - ELECTRONIC LOCATION AND ACCESS | |
| Uniform Resource Identifier | <a href="https://docs.google.com/spreadsheets/d/1yKIrdCPDAG_9c22mwoOIO2DOhtj65Wqa/edit?usp=sharing&ouid=106555315294820607512&rtpof=true&sd=true ">https://docs.google.com/spreadsheets/d/1yKIrdCPDAG_9c22mwoOIO2DOhtj65Wqa/edit?usp=sharing&ouid=106555315294820607512&rtpof=true&sd=true </a> |
| Link text | List of Curated E-Books |
| 942 ## - ADDED ENTRY ELEMENTS (KOHA) | |
| Koha item type | E-Book |
No items available.